Las cosas nuevas
Guardado en:
| Autor principal: | |
|---|---|
| Formato: | Libro |
| Lenguaje: | español |
| Publicado: |
Viña del Mar
Altazor
2011
|
| Materias: | |
| Etiquetas: |
Agregar Etiqueta
Sin Etiquetas, Sea el primero en etiquetar este registro!
|
MARC
| LEADER | 00000cam a2200000 a 4500 | ||
|---|---|---|---|
| 001 | UCF2212 | ||
| 003 | CL-VaPUC | ||
| 008 | 120810e20110000CL |||||||||||||||||spa|d | ||
| 020 | |a 9789567472833 | ||
| 082 | 0 | 4 | |a 861 |b MOL |2 21 |
| 100 | |a Moltedo Ghio, Ennio |e autor |9 578526 | ||
| 245 | 1 | 4 | |a Las cosas nuevas |
| 300 | |a 140 p | ||
| 942 | |c BK | ||
| 945 | |d 20120810 00:00:00 |a dcastane | ||
| 260 | |a Viña del Mar |b Altazor |c 2011 | ||
| 650 | 0 | |a Poesías chilenas |9 265280 | |
| 583 | |a last modification |c 20120820 12:54:37 |k Rodrigo Vera | ||
| 999 | |c 348813 |d 348811 | ||
| 952 | |0 0 |1 0 |4 0 |6 861_000000000000000_MOL_2011 |7 0 |8 C |9 451017 |a BIBCUR |b BIBCUR |d 2019-11-22 |i 4892682 |o 861 MOL 2011 |p 4892682 |r 2025-04-22 |w 2019-11-22 |y BK |k CAC | ||
| 952 | |0 0 |1 0 |4 0 |6 861_000000000000000_MOL_2011 |7 0 |8 A |9 451018 |a BIBING |b BIBING |d 2019-11-22 |i 489183K |o 861 MOL 2011 |p 489183K |r 2025-01-20 |w 2019-11-22 |y BK |k CUI | ||
| 952 | |0 0 |1 0 |4 0 |6 861_000000000000000_MOL_2011 |7 0 |8 A |9 451019 |a BIBEDU |b BIBEDU |c ES_NOD |d 2019-11-22 |i 4892275 |l 8 |m 4 |o 861 MOL 2011 |p 4892275 |r 2024-11-11 |s 2024-10-18 |w 2019-11-22 |y BK |k CUE | ||